000
00240 a2200109 4500
245
_a
Mukiwa
_b
: A white boy in Africa
_h
Text
020
_a
0330339842
100
_a
Peter Godwin
650
_a
History
005
20191017173343.0
260
_c
1996
084
_a
DT2991.54
999
_c
10143
_d
10143